Sporcle's Easiest Game Ever Quiz Stats

 Plays Quiz not verified by Sporcle

Score 0/20 Timer 03:00
0 Plays Today
Question Answer % Correct
Do you like to eat?yes or no
99.9%
Do you like to sleep?yes or no
99.8%
Do you like to read? yes or no
99.6%
Do you like to watch TV?yes or no
99.4%
Do you like chicken?yes or no
99.3%
Do you know how to swim?yes or no
99.1%
Do you know how to drive?yes or no
99.1%
Have you ever gone to college?yes or no
99%
Do you live in the United States?yes or no
98.8%
Do you have children?yes or no
98.8%
Question Answer % Correct
Do you like to drink water?yes or no
98.7%
Do you go to church?yes or no
98.7%
Do you like fast food?yes or no
98.6%
Do you like dogs?yes or no
98.5%
Do you have a computer of your own?yes or no
98.4%
Have you ever run a race?yes or no
98.4%
Do you like pizza?yes or no
98.4%
Have you been outside the country you live in?yes or no
98.4%
Are you smart?yes or no
98.4%
Did you do well on this quiz?yes or no
98.3%

You're not logged in!

Compare scores with friends on all Sporcle quizzes.
OR
Log In

Show Comments

Extras

Created Nov 1, 2010ReportNominate
Tags:Sporcle Quiz, easiest, easy, ever

Top Quizzes Today


Score Distribution

Your Account Isn't Verified!

In order to create a playlist on Sporcle, you need to verify the email address you used during registration. Go to your Sporcle Settings to finish the process.

Report this User

Report this user for behavior that violates our Community Guidelines.

Details: